Adivina el presidente/dictador. - Estadísticas

Estadísticas generales
  • Esta prueba ha sido intentada 60 veces
  • La puntuación promedio es 13 de 16
Estadísticas de respuestas
Imagen Respuesta % Correcto
Putin
98%
Obama
96%
Trump
96%
Hitler
94%
Maduro
94%
Biden
88%
Kennedy
84%
Pedro Sánchez
84%
Macron
80%
Mussolini
80%
Lincoln
78%
Stalin
78%
Kim Jong Un
76%
Mariano Rajoy
76%
Washington
69%
Adolfo Suárez
47%
No se encontraron pruebas coincidentes
Distribución de puntuación
Porcentaje de gente con cada puntuación
Porcentaje por número respondido
Historial de tus puntuaciones
No has intentado esta prueba.